Health sciences literature review made easy : (Record no. 785)

000 -LEADER
fixed length control field 01241nam a22003137a 4500
001 - CONTROL NUMBER
control field 1200812
003 - CONTROL NUMBER IDENTIFIER
control field OSt
005 - DATE AND TIME OF LATEST TRANSACTION
control field 20210422054013.0
008 - FIXED-LENGTH DATA ELEMENTS--GENERAL INFORMATION
fixed length control field 981104s1999 mdu b 001 0 eng
010 ## - LIBRARY OF CONGRESS CONTROL NUMBER
LC control number 98049815
020 ## - INTERNATIONAL STANDARD BOOK NUMBER
International Standard Book Number 0834212234
040 ## - CATALOGING SOURCE
Original cataloging agency DLC
Transcribing agency DLC
Modifying agency DLC
050 00 - LIBRARY OF CONGRESS CALL NUMBER
Classification number R118.6
Item number .G37 1999
080 ## - UNIVERSAL DECIMAL CLASSIFICATION NUMBER
Universal Decimal Classification number 811.111
Item number G-22
082 00 - DEWEY DECIMAL CLASSIFICATION NUMBER
Classification number 610/.72
Edition number 21
100 1# - MAIN ENTRY--PERSONAL NAME
Personal name Garrard, Judith.
245 10 - TITLE STATEMENT
Title Health sciences literature review made easy :
Remainder of title the matrix method /
Statement of responsibility, etc. Judith Garrard.
260 ## - PUBLICATION, DISTRIBUTION, ETC.
Place of publication, distribution, etc. Gaithersburg, Md. :
Name of publisher, distributor, etc. Aspen Publishers,
Date of publication, distribution, etc. 1999.
300 ## - PHYSICAL DESCRIPTION
Extent xiv, 209 p. ;
Dimensions 22 cm.
504 ## - BIBLIOGRAPHY, ETC. NOTE
Bibliography, etc. note Includes bibliographical references and index.
650 #0 - SUBJECT ADDED ENTRY--TOPICAL TERM
Topical term or geographic name entry element Medical literature
General subdivision Research
-- Methodology.
650 #0 - SUBJECT ADDED ENTRY--TOPICAL TERM
Topical term or geographic name entry element Matrix method (Indexing)
650 #0 - SUBJECT ADDED ENTRY--TOPICAL TERM
Topical term or geographic name entry element Medicine
General subdivision Abstracting and indexing.
650 #0 - SUBJECT ADDED ENTRY--TOPICAL TERM
Topical term or geographic name entry element Information storage and retrieval systems
General subdivision Medicine.
653 ## - INDEX TERM--UNCONTROLLED
Uncontrolled term ინგლისური ენა
906 ## - LOCAL DATA ELEMENT F, LDF (RLIN)
a 7
b cbu
c orignew
d 1
e ocip
f 19
g y-gencatlg
942 ## - ADDED ENTRY ELEMENTS (KOHA)
Source of classification or shelving scheme
Koha item type Books
Holdings
Withdrawn status Lost status Source of classification or shelving scheme Damaged status Not for loan Permanent location Current location Date acquired Inventory number Total Checkouts Full call number Barcode Date last seen Price effective from Koha item type
          Ken Walker International University Ken Walker International University 12/21/2020 2114   811.111 G-22 2114 12/21/2020 12/21/2020 Books

Powered by Koha